00345 a2200133 4500260002600000300001300026100002000039260001300059650001500072650001000087440009800097260000900195130000700204 bJ.J.Agustin Publisher aNon Pag. aHERSKOVITS,M.J. aNew-York aSOCIOLOGIE aBENIN aDahomey: an ancient west african Kingdom Part VII: art c1938 len